[Event "Winnipeg op"]
[Site "Winnipeg"]
[Date "1991.06.15"]
[Round "3"]
[White "Zyluk, Dan"]
[Black "Moises, Florentino"]
[Result "1-0"]
[WhiteElo "1373"]
[BlackElo "1934"]
[PlyCount "83"]
[EventDate "1991.06.14"]
[EventType "swiss"]
[EventRounds "5"]
[EventCountry "CAN"]
[SourceTitle "EXT 2022"]
[Source "ChessBase"]
[SourceDate "2021.10.06"]
[SourceVersion "1"]
[SourceVersionDate "2021.10.06"]
[SourceQuality "1"]

1. b4 e5 2. b5 d5 3. Bb2 Bd6 4. e3 Nf6 5. Nf3 Qe7 6. d4 e4 7. Ne5 Nbd7 8. Nxd7 Bxd7 9. a4 0-0 10. Ba3 Rfc8 11. Bxd6 Qxd6 12. Be2 c6 13. 0-0 cxb5 14. axb5 Qb6 15. c4 dxc4 16. Na3 Be6 17. Qa4 c3 18. Nc4 Qc7 19. Na3 Nd5 20. Rfc1 Qe7 21. Nb1 Rc7 22. Qa3 Qd8 23. Nxc3 Nxc3 24. Rxc3 b6 25. Rxc7 Qxc7 26. Rc1 Qb7 27. Qd6 Rc8 28. Rc6 Bd7 29. Rxc8+ Qxc8 30. h3 g6 31. Qd5 Qc1+ 32. Kh2 Qc2 33. Qxd7 Qxe2 34. Qe8+ Kg7 35. Qe5+ Kg8 36. Qe8+ Kg7 37. d5 Qxf2 38. d6 Qxe3 39. Qe5+ Kh6 40. d7 Qd2 41. Qc7 Qf2 42. d8Q 1-0